[Event "DEN-ch Kort2 B"]
[Site "Skorping"]
[Date "2017.04.15"]
[Round "4"]
[White "Easan, Janith"]
[Black "Mortensen, Orla Lind"]
[Result "1-0"]
[WhiteElo "1506"]
[BlackElo "1620"]
[PlyCount "73"]
[EventDate "2017.04.13"]
[EventType "swiss"]
[EventRounds "5"]
[EventCountry "DEN"]
[SourceTitle "EXT 2023"]
[Source "ChessBase"]
[SourceDate "2022.10.05"]
[SourceVersion "1"]
[SourceVersionDate "2022.10.05"]
[SourceQuality "1"]

1. e4 e6 2. d4 d5 3. exd5 exd5 4. Bd3 Nf6 5. Nf3 Be7 6. 0-0 0-0 7. Bg5 h6 8. Bh4 Re8 9. Nbd2 Nbd7 10. c3 b6 11. Qc2 Bb7 12. Rae1 c5 13. Bg3 Nh5 14. a3 Nxg3 15. fxg3 cxd4 16. Nxd4 Bc5 17. Bh7+ Kh8 18. Bf5 Rc8 19. N2b3 Ba6 20. Bd3 Bb7 21. Nxc5 Nxc5 22. Nf5 Nxd3 23. Qxd3 Qc7 24. Qf3 Re4 25. Rxe4 dxe4 26. Qg4 f6 27. Rd1 Rg8 28. Nd6 Bc8 29. Qg6 Rf8 30. Qxe4 f5 31. Qf4 Qc5+ 32. Kh1 Be6 33. h3 Kg8 34. Qd4 Qc7 35. Re1 Bf7 36. Nxf5 Bg6 37. Re7 1-0

[Event "DEN-ch Kort2 B"]
[Site "Skorping"]
[Date "2017.04.13"]
[Round "1"]
[White "Christensen, Allan Toftegaard"]
[Black "Mortensen, Orla Lind"]
[Result "1-0"]
[WhiteElo "1786"]
[BlackElo "1620"]
[PlyCount "99"]
[EventDate "2017.04.13"]
[EventType "swiss"]
[EventRounds "5"]
[EventCountry "DEN"]
[SourceTitle "EXT 2023"]
[Source "ChessBase"]
[SourceDate "2022.10.05"]
[SourceVersion "1"]
[SourceVersionDate "2022.10.05"]
[SourceQuality "1"]

1. d4 e6 2. Nf3 d5 3. Bf4 Nf6 4. Nc3 c6 5. e3 Bb4 6. Bd3 h6 7. 0-0 Nbd7 8. Ne2 Be7 9. Ng3 c5 10. c3 c4 11. Bc2 b5 12. e4 dxe4 13. Nxe4 Qb6 14. Ne5 Bb7 15. Nxd7 Nxd7 16. Qg4 0-0-0 17. Qxg7 Rdf8 18. Be3 Qd8 19. Qg3 Nf6 20. Nxf6 Bxf6 21. f3 Rfg8 22. Qh3 Bg5 23. Bf2 Bd5 24. Be4 f5 25. Bxd5 Qxd5 26. Rae1 Bf4 27. Re2 Rg6 28. Rfe1 Rhg8 29. Bh4 Qd7 30. g3 Kb7 31. Kf2 Bc7 32. f4 Qd6 33. Qg2+ Kb8 34. Qf3 Qb6 35. Be7 Qa6 36. a3 Qc8 37. Qc6 Qe8 38. Qc5 Qd7 39. Bh4 Kb7 40. Qe7 Qd5 41. Rxe6 Rg4 42. R6e5 Rxf4+ 43. gxf4 Qg2+ 44. Ke3 Qh3+ 45. Bg3 Rxg3+ 46. hxg3 Qxg3+ 47. Kd2 Qxf4+ 48. Kc2 a6 49. Qd7 Qf3 50. Qd5+ 1-0

[Event "DEN-ch G5-B"]
[Site "Helsingor"]
[Date "2013.03.31"]
[Round "4"]
[White "Pedersen, Carl Aage"]
[Black "Mortensen, Orla Lind"]
[Result "1-0"]
[WhiteElo "1729"]
[BlackElo "1784"]
[PlyCount "163"]
[EventDate "2013.03.28"]
[EventType "swiss"]
[EventRounds "5"]
[EventCountry "DEN"]
[SourceTitle "EXT 2023"]
[Source "ChessBase"]
[SourceDate "2022.10.05"]
[SourceVersion "1"]
[SourceVersionDate "2022.10.05"]
[SourceQuality "1"]

1. d4 Nf6 2. c4 e5 3. dxe5 Ng4 4. Nf3 Nc6 5. Bf4 Bb4+ 6. Nc3 Qe7 7. Qd5 d6 8. exd6 cxd6 9. e3 Nf6 10. Qd2 Ne4 11. Qc2 Bf5 12. Bd3 Bxc3+ 13. bxc3 0-0 14. 0-0 Rfe8 15. Nd2 Nxd2 16. Qxd2 Bxd3 17. Qxd3 Red8 18. Rab1 b6 19. Rfd1 Ne5 20. Qe2 Rac8 21. Rd4 f6 22. Rbd1 Qe6 23. Bxe5 fxe5 24. Rd5 Rd7 25. h3 Rcd8 26. e4 Qf6 27. Qd2 h6 28. a4 Qg6 29. f3 Qe6 30. Qd3 Kf7 31. a5 Ke7 32. axb6 axb6 33. Rb1 Rb8 34. Rdb5 Rdb7 35. R1b4 Qd7 36. Qe3 Qc7 37. Qf2 Kf8 38. f4 Ke8 39. fxe5 dxe5 40. Qf5 Kd8 41. Qf8+ Kd7 42. Qxg7+ Kc8 43. Qf8+ Qd8 44. Qxd8+ Kxd8 45. Rxe5 Ra8 46. c5 Ra2 47. Rf5 Rg7 48. Rf2 Ra1+ 49. Kh2 bxc5 50. Rc4 Re7 51. Rxc5 Rxe4 52. Rc2 Kd7 53. Rd5+ Ke7 54. c4 Ree1 55. Rcd2 Rac1 56. c5 Re6 57. Rd7+ Kf6 58. Rc7 Rc3 59. Rd6 h5 60. Rcc6 Rxd6 61. Rxd6+ Ke7 62. Rd5 h4 63. Rd4 Rxc5 64. Rxh4 Rc3 65. Rf4 Ke6 66. h4 Ke5 67. Rf8 Ke6 68. g3 Ke7 69. Rf2 Re3 70. h5 Re5 71. g4 Rg5 72. Kg3 Re5 73. Kh4 Re1 74. Kg5 Re5+ 75. Rf5 Re1 76. h6 Rh1 77. Kg6 Rg1 78. g5 Rh1 79. h7 Ke6 80. Rf2 Ke7 81. Kg7 Rg1 82. g6 1-0

[Event "DEN-ch G5-B"]
[Site "Helsingor"]
[Date "2013.03.29"]
[Round "2"]
[White "Jensen, Leif Norholm"]
[Black "Mortensen, Orla Lind"]
[Result "1/2-1/2"]
[WhiteElo "1724"]
[BlackElo "1784"]
[PlyCount "89"]
[EventDate "2013.03.28"]
[EventType "swiss"]
[EventRounds "5"]
[EventCountry "DEN"]
[SourceTitle "EXT 2023"]
[Source "ChessBase"]
[SourceDate "2022.10.05"]
[SourceVersion "1"]
[SourceVersionDate "2022.10.05"]
[SourceQuality "1"]

1. c4 e5 2. Nc3 Nf6 3. g3 Nc6 4. Bg2 Be7 5. Nf3 d6 6. 0-0 0-0 7. d3 h6 8. a3 a5 9. b3 Be6 10. Bb2 Qc8 11. Nd2 Bh3 12. Nde4 Nh7 13. f3 Bxg2 14. Kxg2 f5 15. Nf2 Bg5 16. Nd5 Ne7 17. Nxe7+ Bxe7 18. d4 Rd8 19. Qc2 Bf6 20. Rad1 Qe6 21. dxe5 dxe5 22. Nd3 b6 23. Bc3 g6 24. a4 c5 25. Qb2 Re8 26. Nf2 Rad8 27. e4 Qc8 28. Rd5 Qc7 29. Rfd1 Rxd5 30. exd5 Qd6 31. Re1 Kf7 32. Nd3 e4 33. fxe4 Rxe4 34. Rxe4 fxe4 35. Nf4 Nf8 36. Bxf6 Qxf6 37. Qxf6+ Kxf6 38. Kf2 Ke5 39. Ke3 g5 40. Ne2 Nd7 41. g4 Nf6 42. h3 h5 43. gxh5 Nxh5 44. Nc3 Nf6 45. Ne2 1/2-1/2

[Event "Lovsprings op-C 13th"]
[Site "Ringsted"]
[Date "2002.04.05"]
[Round "4"]
[White "Jorgensen, Morten"]
[Black "Mortensen, Orla Lind"]
[Result "0-1"]
[WhiteElo "1499"]
[BlackElo "1573"]
[PlyCount "80"]
[EventDate "2002.03.08"]
[EventType "swiss"]
[EventRounds "7"]
[EventCountry "DEN"]
[SourceTitle "EXT 2023"]
[Source "ChessBase"]
[SourceDate "2022.10.05"]
[SourceVersion "1"]
[SourceVersionDate "2022.10.05"]
[SourceQuality "1"]

1. d4 Nf6 2. Bg5 c6 3. Bxf6 exf6 4. c4 Bb4+ 5. Nc3 0-0 6. Nf3 d5 7. e3 Bf5 8. Bd3 Be6 9. Qb3 Bxc3+ 10. bxc3 Qc7 11. 0-0 dxc4 12. Bxc4 Bxc4 13. Qxc4 Rc8 14. Rab1 Nd7 15. Rfd1 b5 16. Qd3 Nb6 17. Nd2 a6 18. e4 Rd8 19. Nf3 c5 20. d5 f5 21. e5 Rxd5 22. Qxf5 Rad8 23. Re1 Qd7 24. Qxd7 R5xd7 25. h3 Kf8 26. e6 Re7 27. exf7 Rxe1+ 28. Rxe1 Kxf7 29. Ng5+ Kg8 30. Re6 Rb8 31. f4 h6 32. Ne4 c4 33. f5 a5 34. g4 Nd5 35. f6 gxf6 36. Nxf6+ Nxf6 37. Rxf6 Kg7 38. Rf5 b4 39. Rxa5 bxc3 40. Ra3 c2 0-1

[Event "Lovsprings op-C 13th"]
[Site "Ringsted"]
[Date "2002.03.22"]
[Round "3"]
[White "Mortensen, Orla Lind"]
[Black "Petersen, Torben William"]
[Result "1-0"]
[WhiteElo "1573"]
[BlackElo "1365"]
[PlyCount "87"]
[EventDate "2002.03.08"]
[EventType "swiss"]
[EventRounds "7"]
[EventCountry "DEN"]
[SourceTitle "EXT 2023"]
[Source "ChessBase"]
[SourceDate "2022.10.05"]
[SourceVersion "1"]
[SourceVersionDate "2022.10.05"]
[SourceQuality "1"]

1. e4 c6 2. d4 d5 3. Nc3 dxe4 4. Nxe4 Bf5 5. Ng3 Bg6 6. Nf3 Nd7 7. Bd3 Bxd3 8. Qxd3 e6 9. Bf4 Ngf6 10. 0-0 Be7 11. c4 0-0 12. Rfe1 Qa5 13. a3 c5 14. d5 Rfd8 15. dxe6 fxe6 16. Qc2 Nf8 17. Be5 h6 18. h3 Qb6 19. Ne4 N8d7 20. Bf4 Nxe4 21. Qxe4 Nf8 22. Qc2 Bf6 23. Rab1 Re8 24. Be5 Nd7 25. Bxf6 Nxf6 26. Ne5 Qc7 27. Rbd1 Rad8 28. Qe2 Nd7 29. Ng4 Nf8 30. Ne5 Nd7 31. Nxd7 Rxd7 32. Rxd7 Qxd7 33. Rd1 Qf7 34. Rd3 Qe7 35. Re3 Qd6 36. Rd3 Qe7 37. Qe5 b6 38. Qd6 Qxd6 39. Rxd6 Re7 40. f3 Kf7 41. Kf2 Kf6 42. f4 Kf5 43. Kf3 e5 44. g4# 1-0

[Event "Lovsprings op 11th C"]
[Site "Ringsted"]
[Date "2000.04.07"]
[Round "3"]
[White "Christensen, Michael"]
[Black "Mortensen, Orla Lind"]
[Result "0-1"]
[WhiteElo "1232"]
[BlackElo "1404"]
[PlyCount "114"]
[EventDate "2000.03.24"]
[EventType "swiss"]
[EventRounds "7"]
[EventCountry "DEN"]
[SourceTitle "EXT 2023"]
[Source "ChessBase"]
[SourceDate "2022.10.05"]
[SourceVersion "1"]
[SourceVersionDate "2022.10.05"]
[SourceQuality "1"]

1. e4 e6 2. Nf3 d5 3. exd5 exd5 4. d4 Nf6 5. Be2 Be7 6. Bf4 Bg4 7. Nc3 0-0 8. 0-0 c6 9. Re1 Bb4 10. Bd2 Nbd7 11. a3 Bxc3 12. Bxc3 Re8 13. h3 Bxf3 14. Bxf3 Qc7 15. Qd2 Nf8 16. Re2 Rxe2 17. Qxe2 Re8 18. Qd2 Ne4 19. Bxe4 Rxe4 20. Re1 Qe7 21. Bb4 Rxe1+ 22. Qxe1 Qxe1+ 23. Bxe1 Ne6 24. c3 Nf4 25. Kf1 a5 26. Bd2 Ne6 27. Ke2 a4 28. Kd3 b5 29. Kc2 f5 30. g3 Kf7 31. Kd3 Kf6 32. h4 g6 33. Be3 Ng7 34. Ke2 Ke6 35. Kf3 h5 36. Ke2 Ne8 37. Bf4 Nf6 38. Be3 Nd7 39. Kf3 Nb6 40. Kf4 Kf6 41. Kf3 Nc4 42. Bc1 Nd6 43. Be3 Ne4 44. Bc1 c5 45. Be3 cxd4 46. Bxd4+ Ke6 47. Kf4 Nd6 48. Kg5 Kf7 49. Kf4 Nc4 50. Be3 Ke6 51. Kg5 Kf7 52. Kf4 Ke6 53. Kg5 Ne5 54. f4 Ng4 55. Bd4 Kf7 56. Be5 Ne3 57. c4 Nxc4 0-1

[Event "Lovsprings op 10th C"]
[Site "Ringsted"]
[Date "1998.04.24"]
[Round "5"]
[White "Orup, Kim"]
[Black "Mortensen, Orla Lind"]
[Result "0-1"]
[WhiteElo "1316"]
[BlackElo "1384"]
[PlyCount "78"]
[EventDate "1998.03.13"]
[EventType "swiss"]
[EventRounds "7"]
[EventCountry "DEN"]
[SourceTitle "EXT 2023"]
[Source "ChessBase"]
[SourceDate "2022.10.05"]
[SourceVersion "1"]
[SourceVersionDate "2022.10.05"]
[SourceQuality "1"]

1. e4 e6 2. d4 d5 3. e5 c5 4. c3 Nc6 5. Nf3 Qb6 6. b3 cxd4 7. Nxd4 Nxe5 8. Be3 Qd8 9. Nd2 Nf6 10. Be2 Be7 11. 0-0 Bd7 12. c4 b6 13. Rc1 Rc8 14. f4 Nc6 15. Nxc6 Bxc6 16. Nf3 Ng4 17. Bd4 Nf6 18. Ne5 0-0 19. Kh1 Bb7 20. Bf3 Rc7 21. Ng4 Nxg4 22. Bxg4 dxc4 23. bxc4 Rd7 24. Bxb6 axb6 25. Qb3 Bc5 26. Qh3 Rd2 27. Bf3 Bxf3 28. Qxf3 Qa8 29. f5 Qxf3 30. Rxf3 Rfd8 31. Rcf1 exf5 32. Rxf5 f6 33. a4 Rd1 34. h3 Rxf1+ 35. Rxf1 Rd4 36. Rc1 Kf7 37. Kh2 Rd3 38. Rb1 Ra3 39. a5 Rxa5 0-1

[Event "Lovsprings op 10th C"]
[Site "Ringsted"]
[Date "1998.03.20"]
[Round "2"]
[White "Skovgaard, Michael"]
[Black "Mortensen, Orla Lind"]
[Result "0-1"]
[WhiteElo "1400"]
[BlackElo "1384"]
[PlyCount "118"]
[EventDate "1998.03.13"]
[EventType "swiss"]
[EventRounds "7"]
[EventCountry "DEN"]
[SourceTitle "EXT 2023"]
[Source "ChessBase"]
[SourceDate "2022.10.05"]
[SourceVersion "1"]
[SourceVersionDate "2022.10.05"]
[SourceQuality "1"]

1. e4 e6 2. d4 d5 3. Nc3 Nf6 4. e5 Nfd7 5. f4 c5 6. Nf3 cxd4 7. Nxd4 Nc6 8. Nf3 Bc5 9. Bd3 Nb4 10. a3 Nxd3+ 11. Qxd3 a6 12. Be3 Be7 13. 0-0-0 b5 14. Ng5 Bxg5 15. fxg5 Rb8 16. Rhf1 b4 17. axb4 Rxb4 18. Nxd5 exd5 19. Qxd5 Qe7 20. Rxf7 Qxe5 21. Qxe5+ Nxe5 22. Rxg7 Re4 23. Rc7 Rc4 24. Bc5 Bd7 25. Rd5 Re4 26. Ra7 Rg8 27. Ra8+ Kf7 28. Rxg8 Kxg8 29. Bd4 Bc6 30. Rd8+ Kf7 31. Rd6 Re1+ 32. Kd2 Nc4+ 33. Kxe1 Nxd6 34. g4 Bf3 35. h3 Bg2 36. h4 Bf3 37. Kf2 Bxg4 38. Ke3 Ke6 39. Kf4 Bh5 40. b3 Bd1 41. c4 Bxb3 42. c5 Nb5 43. Bh8 Nc7 44. h5 Bc2 45. g6 hxg6 46. h6 g5+ 47. Kxg5 Bh7 48. Bd4 Kd5 49. Ba1 Ne6+ 50. Kf6 Nxc5 51. Kg7 Bc2 52. h7 Bxh7 53. Kxh7 a5 54. Kg6 Kc4 55. Kf5 Kb3 56. Ke5 Nd3+ 57. Kd4 Nb2 58. Bxb2 Kxb2 59. Kc4 a4 0-1

[Event "Lovsprings op 09th D"]
[Site "Ringsted"]
[Date "1997.04.11"]
[Round "4"]
[White "Mortensen, Orla Lind"]
[Black "Sparre, Otto"]
[Result "0-1"]
[WhiteElo "1314"]
[BlackElo "1396"]
[PlyCount "52"]
[EventDate "1997.03.14"]
[EventType "swiss"]
[EventRounds "7"]
[EventCountry "DEN"]
[SourceTitle "EXT 2023"]
[Source "ChessBase"]
[SourceDate "2022.10.05"]
[SourceVersion "1"]
[SourceVersionDate "2022.10.05"]
[SourceQuality "1"]

1. e4 e5 2. f4 d5 3. exd5 exf4 4. Nf3 Bg4 5. Bb5+ c6 6. dxc6 bxc6 7. Bc4 Qe7+ 8. Qe2 Bxf3 9. Qxe7+ Bxe7 10. gxf3 Bh4+ 11. Kd1 Ne7 12. d3 Ng6 13. Rg1 f5 14. d4 Nd7 15. Be6 Rf8 16. Nc3 Rd8 17. Ne2 Nc5 18. Bb3 Bf2 19. Rg2 Bxd4 20. Ke1 Nh4 21. Nxd4 Nxg2+ 22. Kf2 Rxd4 23. Kxg2 Rd1 24. c3 Nxb3 25. axb3 Rf7 26. b4 Re7 0-1

[Event "Lovsprings op 09th D"]
[Site "Ringsted"]
[Date "1997.03.21"]
[Round "2"]
[White "Nielsen, Bjarne"]
[Black "Mortensen, Orla Lind"]
[Result "0-1"]
[WhiteElo "1502"]
[BlackElo "1314"]
[PlyCount "66"]
[EventDate "1997.03.14"]
[EventType "swiss"]
[EventRounds "7"]
[EventCountry "DEN"]
[SourceTitle "EXT 2023"]
[Source "ChessBase"]
[SourceDate "2022.10.05"]
[SourceVersion "1"]
[SourceVersionDate "2022.10.05"]
[SourceQuality "1"]

1. d4 d5 2. c4 c6 3. Nc3 e5 4. cxd5 cxd5 5. e3 e4 6. Bb5+ Bd7 7. Qa4 Nf6 8. Nge2 Nc6 9. a3 a6 10. Bxc6 Bxc6 11. Qd1 Bd6 12. 0-0 Ng4 13. Nf4 Qh4 14. h3 Nf6 15. Qb3 Qg5 16. Nfe2 0-0 17. Bd2 b5 18. f4 Qg6 19. Be1 a5 20. Bh4 a4 21. Qa2 b4 22. axb4 Bxb4 23. Nxa4 Rxa4 24. Qb3 Rxa1 25. Rxa1 Rb8 26. Nc3 Bd6 27. Qa2 h6 28. Qa6 Ra8 29. Qxc6 Rxa1+ 30. Kf2 Bb4 31. Bxf6 gxf6 32. Nxd5 Be1+ 33. Ke2 Qxg2# 0-1

[Event "Lovfalds 10th B"]
[Site "Ringsted"]
[Date "1996.09.21"]
[Round "3"]
[White "Mortensen, Orla Lind"]
[Black "Mouritsen, Jan"]
[Result "0-1"]
[WhiteElo "1522"]
[BlackElo "1573"]
[PlyCount "74"]
[EventDate "1996.09.20"]
[EventType "tourn"]
[EventRounds "5"]
[EventCountry "DEN"]
[SourceTitle "EXT 2023"]
[Source "ChessBase"]
[SourceDate "2022.10.05"]
[SourceVersion "1"]
[SourceVersionDate "2022.10.05"]
[SourceQuality "1"]

1. Nf3 f5 2. e3 e6 3. b3 Nf6 4. Bb2 Be7 5. g3 0-0 6. Bg2 d6 7. Nc3 e5 8. d3 c6 9. Qd2 Nbd7 10. Ng5 Nb6 11. 0-0-0 d5 12. Nf3 Bd6 13. Ne2 Qe7 14. h3 a5 15. Kb1 a4 16. c4 axb3 17. axb3 Bd7 18. cxd5 Nbxd5 19. Nc3 Bb4 20. Nxd5 Nxd5 21. Qc2 Bd6 22. Nd2 Ba3 23. Nc4 Bxb2 24. Qxb2 Rfe8 25. e4 Nb4 26. Na3 Ra7 27. Rd2 b5 28. Nc2 Nxc2 29. Kxc2 Rea8 30. Qc3 Ra2+ 31. Kd1 Rxd2+ 32. Kxd2 Qg5+ 33. Ke2 Ra2+ 34. Kf3 fxe4+ 35. dxe4 Qf6+ 36. Ke3 Qxf2+ 37. Kd3 Qe2# 0-1

[Event "Lovfalds 10th B"]
[Site "Ringsted"]
[Date "1996.09.20"]
[Round "1"]
[White "Mortensen, Orla Lind"]
[Black "Sandager, Ole"]
[Result "1-0"]
[WhiteElo "1522"]
[BlackElo "1536"]
[PlyCount "92"]
[EventDate "1996.09.20"]
[EventType "tourn"]
[EventRounds "5"]
[EventCountry "DEN"]
[SourceTitle "EXT 2023"]
[Source "ChessBase"]
[SourceDate "2022.10.05"]
[SourceVersion "1"]
[SourceVersionDate "2022.10.05"]
[SourceQuality "1"]

1. Nf3 Nf6 2. e3 d5 3. c4 c6 4. b3 Bg4 5. Be2 e6 6. Bb2 Nbd7 7. 0-0 Bd6 8. d3 0-0 9. Nbd2 e5 10. h3 Bh5 11. Rc1 Qe7 12. Re1 a6 13. Qc2 c5 14. cxd5 Nxd5 15. a3 Rac8 16. Nxe5 Bxe2 17. Nxd7 Bxd3 18. Qxd3 Qxd7 19. Nc4 b5 20. Nxd6 Qxd6 21. e4 Rfd8 22. exd5 Qxd5 23. Qxd5 Rxd5 24. Re5 Rxe5 25. Bxe5 f6 26. Bf4 Kf7 27. Be3 c4 28. bxc4 bxc4 29. Kf1 Ke6 30. Ke2 Kd5 31. Rc2 Rb8 32. f3 Rb3 33. Bc1 Kd4 34. Kd2 Rd3+ 35. Ke2 Rb3 36. Kd2 Rd3+ 37. Ke2 Rb3 38. Kd2 Rd3+ 39. Ke2 Rb3 40. Rd2+ Kc3 41. Kd1 Rb1 42. Rd6 a5 43. Ra6 Rb5 44. Bd2+ Kd4 45. Rxa5 Rb3 46. Kc2 Rd3 1-0

[Event "Lovsprings op 08th D"]
[Site "Ringsted"]
[Date "1996.04.12"]
[Round "5"]
[White "Mortensen, Orla Lind"]
[Black "Henriksen, Kasper"]
[Result "1-0"]
[WhiteElo "1453"]
[BlackElo "1424"]
[PlyCount "75"]
[EventDate "1996.03.08"]
[EventType "swiss"]
[EventRounds "7"]
[EventCountry "DEN"]
[SourceTitle "EXT 2023"]
[Source "ChessBase"]
[SourceDate "2022.10.05"]
[SourceVersion "1"]
[SourceVersionDate "2022.10.05"]
[SourceQuality "1"]

1. e4 c5 2. Nf3 d6 3. d4 cxd4 4. Nxd4 Nf6 5. Nc3 g6 6. Be2 Bg7 7. 0-0 0-0 8. Be3 Nc6 9. Kh1 a6 10. f4 Qa5 11. Nb3 Qc7 12. Rb1 e6 13. a4 b6 14. Bf3 Bb7 15. Ne2 e5 16. Nc3 Nb4 17. Rc1 Rfd8 18. Nd5 Nbxd5 19. exd5 e4 20. Be2 Nxd5 21. Bd4 Bh6 22. g3 Re8 23. c4 Nb4 24. Kg1 Nd3 25. Rc2 Nc5 26. Nxc5 dxc5 27. Be5 Qc6 28. Rd2 Bf8 29. Rd7 f6 30. Bxf6 Bc8 31. Rd8 Bh3 32. Rxa8 Rxa8 33. Re1 Qxf6 34. Qd5+ Kg7 35. Qb7+ Kh6 36. Qxa8 Qd4+ 37. Kh1 Qf2 38. Qxf8# 1-0

[Event "Lovsprings op 08th D"]
[Site "Ringsted"]
[Date "1996.03.15"]
[Round "2"]
[White "Moller, Claus"]
[Black "Mortensen, Orla Lind"]
[Result "0-1"]
[WhiteElo "1428"]
[BlackElo "1453"]
[PlyCount "88"]
[EventDate "1996.03.08"]
[EventType "swiss"]
[EventRounds "7"]
[EventCountry "DEN"]
[SourceTitle "EXT 2023"]
[Source "ChessBase"]
[SourceDate "2022.10.05"]
[SourceVersion "1"]
[SourceVersionDate "2022.10.05"]
[SourceQuality "1"]

1. e4 e6 2. d4 d5 3. e5 c5 4. c3 Nc6 5. Nf3 Qb6 6. Be2 cxd4 7. cxd4 Nge7 8. Nc3 Nf5 9. Na4 Bb4+ 10. Bd2 Qa5 11. Bc3 0-0 12. g4 Bxc3+ 13. Nxc3 Nfe7 14. h4 f6 15. Qd2 fxe5 16. dxe5 Ng6 17. Qe3 Nf4 18. 0-0-0 Bd7 19. Nd4 Rac8 20. Kb1 Qc7 21. Nxc6 bxc6 22. Rc1 Qa5 23. Nd1 Nxe2 24. Qxe2 Be8 25. h5 d4 26. Rh3 Qd5 27. Rd3 c5 28. Ne3 Qe4 29. Ka1 dxe3 30. Rxe3 Qb7 31. Rec3 Bb5 32. Qe3 c4 33. f4 Qc7 34. Rf1 Rcd8 35. Qe2 Rd3 36. f5 Rxc3 37. bxc3 Qe7 38. Qe3 h6 39. Rf2 Qg5 40. Qxg5 hxg5 41. Kb2 Bc6 42. Ka3 exf5 43. gxf5 Bd7 44. e6 Bxe6 0-1

[Event "Lovsprings op 06th C"]
[Site "Ringsted"]
[Date "1994.03.27"]
[Round "1"]
[White "Mortensen, Orla Lind"]
[Black "Sorensen, Lindved"]
[Result "0-1"]
[WhiteElo "1600"]
[BlackElo "1683"]
[PlyCount "56"]
[EventDate "1994.03.27"]
[EventType "swiss"]
[EventRounds "7"]
[EventCountry "DEN"]
[SourceTitle "EXT 2023"]
[Source "ChessBase"]
[SourceDate "2022.10.05"]
[SourceVersion "1"]
[SourceVersionDate "2022.10.05"]
[SourceQuality "1"]

1. e4 d5 2. exd5 Qxd5 3. Nc3 Qa5 4. d4 Nf6 5. Bd2 Nc6 6. Ne4 Qf5 7. Ng3 Qe6+ 8. Be3 Ng4 9. Qd3 Nxe3 10. fxe3 Qd5 11. Nf3 Bg4 12. Be2 Nb4 13. Qd2 e6 14. a3 Nc6 15. b4 Bd6 16. Kf2 0-0 17. Qd3 f5 18. Nf1 a6 19. c4 Qe4 20. Qc3 f4 21. Bd3 fxe3+ 22. Kg1 Qf4 23. Bc2 Bxf3 24. Qd3 g6 25. h4 Nxd4 26. g3 Qf6 27. Re1 Bxh1 28. Kxh1 Qf3+ 0-1